[Event "ISR-chT 1415 (Women)"]
[Site "Beersheba"]
[Date "2015.06.13"]
[Round "4.1"]
[White "Brusilovski, Lena"]
[Black "Vasiliev, Olga"]
[Result "0-1"]
[WhiteElo "1960"]
[BlackElo "2221"]
[PlyCount "86"]
[EventDate "2015.06.11"]
[EventType "team-tourn"]
[EventRounds "5"]
[EventCountry "ISR"]
[SourceTitle "EXT 2016"]
[Source "ChessBase"]
[SourceDate "2015.10.08"]
[SourceVersion "1"]
[SourceVersionDate "2015.10.08"]
[SourceQuality "1"]
[WhiteTeam "Beer Sheva (W)"]
[BlackTeam "Ashdod (W)"]
[WhiteTeamCountry "ISR"]
[BlackTeamCountry "ISR"]

1. e4 g6 2. Nf3 Bg7 3. d4 d6 4. Be2 Nf6 5. Nc3 0-0 6. 0-0 a6 7. a4 b6 8. Re1 Bb7 9. Bc4 Nbd7 10. e5 Bxf3 11. Qxf3 Ne8 12. Bg5 dxe5 13. Bxe7 Qxe7 14. Qxa8 Nd6 15. Qc6 Nb8 16. Nd5 Nxc6 17. Nxe7+ Nxe7 18. Bxa6 e4 19. c3 Nd5 20. g3 f5 21. Be2 f4 22. Bd1 fxg3 23. hxg3 Kh8 24. Bb3 Nf6 25. Kg2 h5 26. Bc2 Bh6 27. Re2 Re8 28. a5 bxa5 29. Rxa5 Bc1 30. b4 Kg7 31. Rc5 Re7 32. Bb3 Nf5 33. Re5 Kf8 34. Bc2 Bb2 35. Rc5 Bc1 36. Ba4 h4 37. Bc2 hxg3 38. fxg3 Ne3+ 39. Kg1 Neg4 40. Ra5 Be3+ 41. Kf1 Rh7 42. Rg2 Rh1+ 43. Ke2 Rc1 0-1

[Event "EU-ch 16th"]
[Site "Jerusalem"]
[Date "2015.03.04"]
[Round "8"]
[White "Vasiliev, Olga"]
[Black "Iliaguev, Nisim"]
[Result "1-0"]
[WhiteElo "2296"]
[BlackElo "1926"]
[PlyCount "89"]
[EventDate "2015.02.24"]
[EventType "swiss"]
[EventRounds "11"]
[EventCountry "ISR"]
[SourceTitle "CBM 166"]
[Source "ChessBase"]
[SourceDate "2015.05.11"]
[SourceVersion "1"]
[SourceVersionDate "2015.05.11"]
[SourceQuality "1"]

1. e4 c5 2. Nc3 Nc6 3. f4 d6 4. Bb5 Nf6 5. Nf3 e6 6. 0-0 Be7 7. d3 0-0 8. Bxc6 bxc6 9. e5 Ne8 10. exd6 Nxd6 11. Ne5 Qc7 12. Qf3 Bb7 13. Ne4 Nxe4 14. Qxe4 Rfd8 15. Be3 c4 16. Qxc4 c5 17. b4 Bd5 18. Qc3 Qb7 19. bxc5 Bf6 20. Rf2 Rab8 21. a3 Rdc8 22. h3 Bh4 23. Re2 Bg3 24. d4 h5 25. Bc1 h4 26. Qd3 Qc7 27. c4 Ba8 28. Be3 Rd8 29. Rd1 f6 30. Ng4 Qxc5 31. Nxf6+ gxf6 32. Qg6+ Kh8 33. Qh6+ Kg8 34. Qg6+ Kh8 35. Qxf6+ Kh7 36. Qf7+ Kh8 37. Qf6+ Kh7 38. Qf7+ Kh8 39. d5 Qxc4 40. Qf6+ Kh7 41. Bd4 Qxd4+ 42. Qxd4 Rxd5 43. Qe4+ Kg7 44. Rxd5 Bxd5 45. Qe5+ 1-0

[Event "EU-ch 16th"]
[Site "Jerusalem"]
[Date "2015.03.03"]
[Round "7"]
[White "Raznikov, Danny"]
[Black "Vasiliev, Olga"]
[Result "1-0"]
[WhiteElo "2494"]
[BlackElo "2296"]
[PlyCount "57"]
[EventDate "2015.02.24"]
[EventType "swiss"]
[EventRounds "11"]
[EventCountry "ISR"]
[SourceTitle "CBM 166"]
[Source "ChessBase"]
[SourceDate "2015.05.11"]
[SourceVersion "1"]
[SourceVersionDate "2015.05.11"]
[SourceQuality "1"]

1. d4 Nf6 2. c4 g6 3. g3 Bg7 4. Bg2 0-0 5. Nc3 d6 6. Nf3 Nc6 7. 0-0 a6 8. Bf4 Nh5 9. Bg5 h6 10. Be3 g5 11. d5 Ne5 12. Nxe5 dxe5 13. Bc5 Nf6 14. e4 Ne8 15. Be3 e6 16. Qb3 Qe7 17. c5 Nf6 18. Rad1 Ng4 19. d6 Qd7 20. Bc1 Rd8 21. Na4 Rb8 22. dxc7 Qxc7 23. Rxd8+ Qxd8 24. Rd1 Qe7 25. Qb6 Nf6 26. c6 Ne8 27. Be3 Kh7 28. Bc5 Qf6 29. Qa7 1-0

[Event "EU-ch 16th"]
[Site "Jerusalem"]
[Date "2015.02.25"]
[Round "2"]
[White "Vasiliev, Olga"]
[Black "Sasson, Roei"]
[Result "1-0"]
[WhiteElo "2296"]
[BlackElo "1896"]
[PlyCount "97"]
[EventDate "2015.02.24"]
[EventType "swiss"]
[EventRounds "11"]
[EventCountry "ISR"]
[SourceTitle "CBM 166"]
[Source "ChessBase"]
[SourceDate "2015.05.11"]
[SourceVersion "1"]
[SourceVersionDate "2015.05.11"]
[SourceQuality "1"]

1. e4 c5 2. Nf3 Nc6 3. d4 cxd4 4. Nxd4 e5 5. Nb5 d6 6. N1c3 a6 7. Na3 b5 8. Nd5 Nge7 9. c4 Nxd5 10. cxd5 Ne7 11. Bd3 f5 12. exf5 Nxf5 13. Nc2 Be7 14. 0-0 0-0 15. Qe2 Bg5 16. f4 Bf6 17. a4 b4 18. Qe4 b3 19. g4 g6 20. Ne3 Nxe3 21. Bxe3 exf4 22. Rxf4 Re8 23. Qf3 Bg5 24. Re4 Rxe4 25. Qxe4 Bxe3+ 26. Qxe3 Bxg4 27. Rf1 Bd7 28. Qf4 Qe7 29. Kg2 Rf8 30. Qxf8+ Qxf8 31. Rxf8+ Kxf8 32. a5 Bf5 33. Bc4 Kf7 34. Kf3 Kf6 35. Bxa6 Ke5 36. Bb7 Bd3 37. Ke3 Bb5 38. a6 Bxa6 39. Bxa6 Kxd5 40. Kd3 g5 41. Bc4+ Ke5 42. Bxb3 h5 43. Bf7 h4 44. b4 g4 45. Kc4 Kf6 46. Bd5 Ke7 47. Kb5 Kd7 48. Kb6 Kc8 49. Ka7 1-0

[Event "Olympiad Women-41"]
[Site "Tromsoe"]
[Date "2014.08.02"]
[Round "1.3"]
[White "Vasiliev, Olga"]
[Black "Tlale, Tshepang"]
[Result "1-0"]
[WhiteElo "2276"]
[BlackElo "1798"]
[PlyCount "63"]
[EventDate "2014.08.02"]
[EventType "team-swiss"]
[EventRounds "11"]
[EventCountry "NOR"]
[SourceTitle "CBM 162"]
[Source "ChessBase"]
[SourceDate "2014.09.17"]
[SourceVersion "1"]
[SourceVersionDate "2014.09.17"]
[SourceQuality "1"]
[WhiteTeam "Israel (W)"]
[BlackTeam "South Africa (W)"]
[WhiteTeamCountry "ISR"]
[BlackTeamCountry "RSA"]

1. e4 c5 2. Nf3 d6 3. c3 Nf6 4. h3 Nc6 5. Bd3 Qc7 6. 0-0 e6 7. Bc2 Be7 8. d4 cxd4 9. cxd4 0-0 10. Nc3 a6 11. Re1 Rd8 12. Be3 b5 13. Rc1 Na5 14. Qe2 Nc4 15. Bg5 Bb7 16. b3 Na3 17. Bd3 Qa5 18. e5 dxe5 19. dxe5 Bxf3 20. Qxf3 Nd5 21. Ne4 Ra7 22. Bxe7 Rxe7 23. Nf6+ Nxf6 24. exf6 gxf6 25. Qxf6 Red7 26. Qg5+ Kh8 27. Bxh7 Kxh7 28. Re4 Rd4 29. Qh4+ Kg6 30. Rxd4 Rxd4 31. Qxd4 b4 32. Rc5 1-0

[Event "ISR-ch (Women)"]
[Site "Beersheba"]
[Date "2014.06.25"]
[Round "7"]
[White "Vardi, Shlomit"]
[Black "Vasiliev, Olga"]
[Result "0-1"]
[WhiteElo "1974"]
[BlackElo "2261"]
[PlyCount "54"]
[EventDate "2014.06.17"]
[EventType "tourn"]
[EventRounds "9"]
[EventCountry "ISR"]
[SourceTitle "CBM 161 Extra"]
[Source "ChessBase"]
[SourceDate "2014.08.29"]
[SourceVersion "1"]
[SourceVersionDate "2014.08.29"]
[SourceQuality "1"]

1. e4 c5 2. Nc3 Nc6 3. g3 g6 4. Bg2 Bg7 5. Nge2 d6 6. 0-0 h5 7. Nd5 h4 8. c3 hxg3 9. fxg3 Bg4 10. Rf2 Qd7 11. d3 Nf6 12. Bg5 Nh7 13. Bf4 e6 14. Ne3 Bxe2 15. Qxe2 e5 16. Nd5 exf4 17. Rxf4 0-0-0 18. a4 Be5 19. Rff1 Ng5 20. Rfd1 Nh3+ 21. Kf1 f5 22. exf5 Qxf5+ 23. Ke1 Rdf8 24. Rd2 Bg7 25. Ne3 Qd7 26. Qd1 Bh6 27. Re2 Ng1 0-1

[Event "ISR-ch (Women)"]
[Site "Beersheba"]
[Date "2014.06.23"]
[Round "6"]
[White "Vasiliev, Olga"]
[Black "Brusilovski, Lena"]
[Result "1-0"]
[WhiteElo "2261"]
[BlackElo "2006"]
[PlyCount "57"]
[EventDate "2014.06.17"]
[EventType "tourn"]
[EventRounds "9"]
[EventCountry "ISR"]
[SourceTitle "CBM 161 Extra"]
[Source "ChessBase"]
[SourceDate "2014.08.29"]
[SourceVersion "1"]
[SourceVersionDate "2014.08.29"]
[SourceQuality "1"]

1. e4 c5 2. Nf3 d6 3. c3 Nc6 4. Bd3 g6 5. 0-0 Bg7 6. Bc2 Nf6 7. h3 0-0 8. d4 cxd4 9. cxd4 Bd7 10. Nc3 Rc8 11. Re1 Qc7 12. Bg5 e6 13. Rc1 a6 14. Bb1 Qb8 15. Qd2 Na7 16. e5 Nd5 17. Nxd5 exd5 18. Be7 Rfe8 19. Bxd6 Qa8 20. Bd3 Nc6 21. Qf4 h6 22. h4 h5 23. Ng5 Be6 24. g4 hxg4 25. h5 gxh5 26. Nh7 Ne7 27. Nf6+ Kf8 28. Qg5 Red8 29. Nh7+ 1-0

[Event "ISR-ch (Women)"]
[Site "Beersheba"]
[Date "2014.06.20"]
[Round "4"]
[White "Vasiliev, Olga"]
[Black "Reprun, Nadejda"]
[Result "1-0"]
[WhiteElo "2261"]
[BlackElo "2109"]
[PlyCount "47"]
[EventDate "2014.06.17"]
[EventType "tourn"]
[EventRounds "9"]
[EventCountry "ISR"]
[SourceTitle "CBM 161 Extra"]
[Source "ChessBase"]
[SourceDate "2014.08.29"]
[SourceVersion "1"]
[SourceVersionDate "2014.08.29"]
[SourceQuality "1"]

1. e4 c6 2. d4 d5 3. e5 c5 4. Nf3 Nc6 5. Bb5 Qa5+ 6. Nc3 e6 7. 0-0 cxd4 8. Nxd4 Nge7 9. Bg5 Bd7 10. Re1 a6 11. Ba4 b5 12. Bb3 Nxd4 13. Qxd4 Nc6 14. Qg4 Bc5 15. Rad1 Qb6 16. Bh4 g6 17. Bxd5 exd5 18. e6 Bxe6 19. Nxd5 Qa7 20. Nf6+ Kf8 21. Rxe6 fxe6 22. Nd7+ Kf7 23. Qf3+ Kg8 24. Qxc6 1-0

[Event "Maccabiah GM2"]
[Site "Jerusalem"]
[Date "2013.07.23"]
[Round "3"]
[White "Vasiliev, Olga"]
[Black "Bitelmajer, Martin"]
[Result "1/2-1/2"]
[WhiteElo "2296"]
[BlackElo "2343"]
[PlyCount "115"]
[EventDate "2013.07.21"]
[EventType "tourn"]
[EventRounds "9"]
[EventCountry "ISR"]
[EventCategory "9"]
[SourceTitle "CBM 155 Extra"]
[Source "ChessBase"]
[SourceDate "2013.08.26"]
[SourceVersion "1"]
[SourceVersionDate "2013.08.26"]
[SourceQuality "1"]

1. e4 e5 2. Nf3 Nc6 3. Bb5 Nge7 4. 0-0 g6 5. d4 exd4 6. Nxd4 Bg7 7. c3 0-0 8. Bg5 h6 9. Bh4 Nxd4 10. cxd4 g5 11. Bg3 d5 12. e5 Nf5 13. Nc3 Be6 14. Rc1 Qe7 15. Bd3 Nxd4 16. Bb1 c5 17. Qd3 f5 18. exf6 Bxf6 19. Bd6 Qg7 20. Bxc5 Rfc8 21. Bxd4 Bxd4 22. Nb5 Bb6 23. Rce1 Rc6 24. a3 Kh8 25. Kh1 a6 26. Nc3 d4 27. Ne2 Bc4 28. Qd2 Rf8 29. f4 Re6 30. Ng3 Rxe1 31. Rxe1 gxf4 32. Nf5 Qg5 33. Nxd4 Qg7 34. Nf5 Qf6 35. Qxf4 Be6 36. h3 Bxf5 37. Bxf5 Bd4 38. b3 Bb2 39. Rf1 Bxa3 40. Qc7 Qg7 41. Qxg7+ Kxg7 42. g4 Rf7 43. Kg2 Rc7 44. Rd1 Be7 45. Rd3 b5 46. Re3 Bf6 47. Re6 Rc3 48. Rxa6 Rxb3 49. Ra7+ Kf8 50. Be6 Rb2+ 51. Kf3 Bg5 52. Rb7 b4 53. Ke4 Rh2 54. Rxb4 Rxh3 55. Rb7 Re3+ 56. Kd5 Rd3+ 57. Ke5 Re3+ 58. Kd5 1/2-1/2

[Event "Maccabiah GM2"]
[Site "Jerusalem"]
[Date "2013.07.22"]
[Round "2"]
[White "Golod, Vitali"]
[Black "Vasiliev, Olga"]
[Result "1-0"]
[WhiteElo "2578"]
[BlackElo "2296"]
[PlyCount "137"]
[EventDate "2013.07.21"]
[EventType "tourn"]
[EventRounds "9"]
[EventCountry "ISR"]
[EventCategory "9"]
[SourceTitle "CBM 155 Extra"]
[Source "ChessBase"]
[SourceDate "2013.08.26"]
[SourceVersion "1"]
[SourceVersionDate "2013.08.26"]
[SourceQuality "1"]

1. d4 d5 2. c4 dxc4 3. e4 Nc6 4. Nf3 Bg4 5. d5 Ne5 6. Bf4 Ng6 7. Be3 Nf6 8. Nc3 e5 9. Bxc4 a6 10. Be2 Bd6 11. 0-0 0-0 12. Nd2 Bxe2 13. Qxe2 b5 14. a3 Qd7 15. h3 Ne8 16. b4 f5 17. exf5 Qxf5 18. Qg4 Qf7 19. Nde4 Nf6 20. Qd1 Nf4 21. Ng5 Qg6 22. Bxf4 exf4 23. Ne6 Rf7 24. Re1 Nd7 25. Qg4 Qxg4 26. hxg4 f3 27. Ne4 Ne5 28. N4g5 Rf6 29. Ne4 Rf7 30. Nxd6 cxd6 31. a4 bxa4 32. Rxa4 fxg2 33. Kxg2 Nxg4 34. b5 Nf6 35. Rc1 Rb7 36. bxa6 Rb6 37. a7 Nxd5 38. Rc7 Nxc7 39. Nxc7 Rc8 40. a8Q Rxa8 41. Rxa8+ Kf7 42. Ra7 Rc6 43. Nd5+ Ke6 44. Nc7+ Kf7 45. Nb5+ Kf6 46. Rd7 Rc5 47. Nc7 Rg5+ 48. Kf1 Re5 49. Rxd6+ Kf7 50. Nd5 h5 51. Ne3 g6 52. Kg2 Re4 53. Kf3 Ra4 54. Rb6 Kg7 55. Nd5 g5 56. Nc7 Rf4+ 57. Ke3 Kh7 58. Rb5 Kh6 59. Ne6 Rg4 60. Rb7 Ra4 61. Rb6 Rh4 62. Nd4+ Kh7 63. Nf5 Rh3+ 64. Ke4 g4 65. Kf4 g3 66. fxg3 h4 67. Kg5 hxg3 68. Rb7+ Kg8 69. Kg6 1-0

[Event "ISR-ch (Women)"]
[Site "Acre"]
[Date "2013.04.07"]
[Round "2"]
[White "Bejashvili, Irma"]
[Black "Vasiliev, Olga"]
[Result "0-1"]
[WhiteElo "1876"]
[BlackElo "2243"]
[PlyCount "91"]
[EventDate "2013.04.06"]
[EventType "swiss"]
[EventRounds "9"]
[EventCountry "ISR"]
[SourceTitle "CBM 153 Extra"]
[Source "ChessBase"]
[SourceDate "2013.04.22"]
[SourceVersion "1"]
[SourceVersionDate "2013.04.22"]
[SourceQuality "1"]

1. e4 c5 2. Nf3 Nc6 3. Bb5 g6 4. Nc3 Bg7 5. 0-0 a6 6. Bxc6 dxc6 7. d3 Nf6 8. Be3 b6 9. h3 h6 10. d4 cxd4 11. Qxd4 Qxd4 12. Bxd4 Rb8 13. Rfe1 0-0 14. Rad1 c5 15. Be5 Rb7 16. Nd5 Ne8 17. Bxg7 Kxg7 18. Ne5 e6 19. Nc3 f5 20. Nc4 b5 21. Nd6 Rc7 22. Nxc8 Rxc8 23. Rd7+ Rf7 24. Red1 Rc7 25. Rd8 Rfe7 26. Ra8 Ra7 27. Rdd8 Rxa8 28. Rxa8 Nc7 29. Ra7 Kf7 30. f3 Ke8 31. Rb7 Kd7 32. Rb6 Kc8 33. Rd6 Kb7 34. Rd8 Ne8 35. Kf2 g5 36. g3 Kc7 37. Rd2 Nd6 38. b3 Kc6 39. Ke3 Kd7 40. g4 a5 41. Rh2 b4 42. Nb1 c4 43. h4 c3 44. hxg5 hxg5 45. Rh6 Nb5 46. Rf6 0-1

[Event "ISR-ch (Women)"]
[Site "Acre"]
[Date "2013.04.06"]
[Round "1"]
[White "Vasiliev, Olga"]
[Black "Dotan, Valeria"]
[Result "1-0"]
[WhiteElo "2243"]
[BlackElo "2056"]
[PlyCount "87"]
[EventDate "2013.04.06"]
[EventType "swiss"]
[EventRounds "9"]
[EventCountry "ISR"]
[SourceTitle "CBM 153 Extra"]
[Source "ChessBase"]
[SourceDate "2013.04.22"]
[SourceVersion "1"]
[SourceVersionDate "2013.04.22"]
[SourceQuality "1"]

1. e4 c5 2. Nf3 d6 3. d4 cxd4 4. Nxd4 Nf6 5. Nc3 a6 6. f4 Qc7 7. Bd3 g6 8. 0-0 Bg7 9. Kh1 0-0 10. Qe1 Nc6 11. Nf3 Nb4 12. Qh4 Nxd3 13. cxd3 Qc5 14. e5 dxe5 15. fxe5 Ng4 16. d4 Qc4 17. Bd2 h5 18. Qxe7 Bf5 19. b3 Qc8 20. Rac1 Re8 21. Nd5 Qb8 22. Qh4 Qd8 23. Nc7 Qxh4 24. Nxh4 Bd3 25. Rf3 Be4 26. Nxe8 Rxe8 27. Rfc3 Bc6 28. Rxc6 bxc6 29. Rxc6 Rd8 30. Nf3 Nf2+ 31. Kg1 Ne4 32. Ba5 Rd5 33. Rxa6 g5 34. Bb6 g4 35. Ne1 Bh6 36. Nc2 g3 37. hxg3 Nxg3 38. Kf2 Nf5 39. a4 h4 40. Ra8+ Kh7 41. Rd8 Ne7 42. Nb4 Rxd8 43. Bxd8 Nf5 44. Nc2 1-0

[Event "EU-Cup (Women) 17th"]
[Site "Eilat"]
[Date "2012.10.16"]
[Round "6.4"]
[White "Mkrtchian, Lilit"]
[Black "Vasiliev, Olga"]
[Result "1-0"]
[WhiteElo "2456"]
[BlackElo "2240"]
[PlyCount "79"]
[EventDate "2012.10.11"]
[EventType "team-tourn"]
[EventRounds "7"]
[EventCountry "ISR"]
[SourceTitle "CBM 150 Extra"]
[Source "ChessBase"]
[SourceDate "2012.10.19"]
[SourceVersion "1"]
[SourceVersionDate "2012.10.19"]
[SourceQuality "1"]
[WhiteTeam "Mika (W)"]
[BlackTeam "Ashdod (W)"]
[WhiteTeamCountry "ARM"]
[BlackTeamCountry "ISR"]

1. c4 e5 2. Nc3 Nf6 3. Nf3 Nc6 4. g3 Bb4 5. Bg2 h6 6. 0-0 0-0 7. d3 d6 8. Na4 a5 9. b3 Qe7 10. Bb2 Bc5 11. Nxc5 dxc5 12. Nd2 Bd7 13. Nb1 Nd8 14. Nc3 c6 15. Na4 Rb8 16. Nb6 Bg4 17. Qd2 Qc7 18. Na4 Nd7 19. f4 exf4 20. Rxf4 Bh5 21. Rh4 b5 22. Rxh5 bxa4 23. Bxg7 Qd6 24. Bc3 f6 25. Qxh6 Kf7 26. Bh3 Ne6 27. Rf1 Ke7 28. bxa4 Nd4 29. Qe3+ Ne5 30. Rh7+ Rf7 31. Rh4 Rd8 32. Rb1 Rb8 33. Rf1 Rd8 34. Bxa5 Ra8 35. Bc3 Rxa4 36. Bxd4 cxd4 37. Rxd4 Qb8 38. Rd7+ Ke8 39. Rxf7 Kxf7 40. d4 1-0

[Event "ISR-chT 1112"]
[Site "Israel"]
[Date "2012.02.03"]
[Round "7.5"]
[White "Givon, Asaf"]
[Black "Vasiliev, Olga"]
[Result "1-0"]
[WhiteElo "2272"]
[BlackElo "2305"]
[PlyCount "69"]
[EventDate "2011.12.16"]
[EventType "team-tourn"]
[EventRounds "11"]
[EventCountry "ISR"]
[SourceTitle "EXT 2013"]
[Source "ChessBase"]
[SourceDate "2012.11.22"]
[SourceVersion "1"]
[SourceVersionDate "2012.11.22"]
[SourceQuality "1"]

1. e4 c5 2. Nf3 Nc6 3. Bb5 e5 4. 0-0 Nge7 5. c3 a6 6. Ba4 b5 7. Bc2 d6 8. h3 Qc7 9. d4 cxd4 10. cxd4 Nxd4 11. Nxd4 exd4 12. Bb3 Qc5 13. Nd2 Bb7 14. Nf3 h6 15. Nxd4 Bxe4 16. Re1 Bb7 17. Bf4 g6 18. Rc1 Qb6 19. Nc6 Bxc6 20. Qxd6 Rd8 21. Qf6 Rh7 22. Rxc6 Qd4 23. Be5 Qd2 24. Bc3 Qg5 25. Qf3 Qf5 26. Qe2 Qd7 27. Rxa6 Bg7 28. Bb4 Bf8 29. Qe3 f5 30. Ra7 Qd4 31. Qe6 Qxa7 32. Qxg6+ Kd7 33. Qxh7 Re8 34. Qf7 Qb8 35. Qe6+ 1-0

[Event "ISR-chT 1112"]
[Site "Israel"]
[Date "2011.12.30"]
[Round "3.4"]
[White "Vasiliev, Olga"]
[Black "Birnboim, Nathan"]
[Result "0-1"]
[WhiteElo "2305"]
[BlackElo "2369"]
[PlyCount "58"]
[EventDate "2011.12.16"]
[EventType "team-tourn"]
[EventRounds "11"]
[EventCountry "ISR"]
[SourceTitle "EXT 2013"]
[Source "ChessBase"]
[SourceDate "2012.11.22"]
[SourceVersion "1"]
[SourceVersionDate "2012.11.22"]
[SourceQuality "1"]

1. e4 c5 2. Nf3 e6 3. d4 cxd4 4. Nxd4 a6 5. Nc3 Qc7 6. f4 b5 7. Bd3 Bc5 8. Nf3 Nc6 9. e5 f5 10. exf6 Nxf6 11. Ng5 0-0 12. Nxh7 Nxh7 13. Bxh7+ Kxh7 14. Qh5+ Kg8 15. Qxc5 Bb7 16. 0-0 Rf5 17. Qf2 Ne7 18. Be3 Rf6 19. Qd2 Nf5 20. Rf2 Rg6 21. Ne2 Rf8 22. Nd4 Nh4 23. g3 Qc4 24. Rd1 Qd5 25. Kf1 e5 26. gxh4 exd4 27. Qxd4 Rg1+ 28. Ke2 Qh5+ 29. Kd3 Rxd1+ 0-1

[Event "EU-chT (Women) 18th"]
[Site "Porto Carras"]
[Date "2011.11.05"]
[Round "3.4"]
[White "Djingarova, Emilia"]
[Black "Vasiliev, Olga"]
[Result "1-0"]
[WhiteElo "2309"]
[BlackElo "2305"]
[PlyCount "85"]
[EventDate "2011.11.03"]
[EventType "team-swiss"]
[EventRounds "9"]
[EventCountry "GRE"]
[SourceTitle "EXT 2012"]
[Source "ChessBase"]
[SourceDate "2011.11.24"]
[SourceVersion "1"]
[SourceVersionDate "2011.11.24"]
[SourceQuality "1"]
[WhiteTeam "Bulgaria (W)"]
[BlackTeam "Israel (W)"]
[WhiteTeamCountry "BUL"]
[BlackTeamCountry "ISR"]

1. Nf3 Nf6 2. c4 g6 3. g3 Bg7 4. Bg2 0-0 5. 0-0 d6 6. d4 c6 7. Nc3 Bf5 8. Re1 Ne4 9. Nxe4 Bxe4 10. Bg5 h6 11. Be3 Nd7 12. Qd2 h5 13. Bh6 Qb6 14. Bxg7 Kxg7 15. Nh4 Bxg2 16. Kxg2 Nf6 17. e4 Rad8 18. Re2 e6 19. Rae1 a5 20. b3 Qb4 21. Qc1 a4 22. d5 Nh7 23. f4 cxd5 24. Qb2+ Nf6 25. cxd5 a3 26. Qa1 Rfe8 27. dxe6 fxe6 28. Qb1 e5 29. f5 g5 30. Qc1 Nh7 31. Qc7+ Kg8 32. Ng6 Nf6 33. Ne7+ Kh8 34. Ng6+ Kg8 35. Ne7+ Kh8 36. Nd5 Nxd5 37. exd5 h4 38. Qf7 Rg8 39. Qh5+ Kg7 40. f6+ Kf8 41. Qh6+ Kf7 42. Qh7+ Kxf6 43. Rf1+ 1-0

[Event "ISR-ch final (Women)"]
[Site "Haifa"]
[Date "2010.11.18"]
[Round "3.2"]
[White "Vasiliev, Olga"]
[Black "Atnilov, Bela"]
[Result "1/2-1/2"]
[WhiteElo "2307"]
[BlackElo "2112"]
[PlyCount "113"]
[EventDate "2010.11.08"]
[EventType "tourn"]
[EventRounds "3"]
[EventCountry "ISR"]
[SourceTitle "EXT 2011"]
[Source "ChessBase"]
[SourceDate "2010.11.26"]
[SourceVersion "1"]
[SourceVersionDate "2010.11.26"]
[SourceQuality "1"]

1. e4 e6 2. d4 d5 3. e5 c5 4. c3 Qb6 5. Nf3 Bd7 6. Bd3 cxd4 7. Nxd4 Nc6 8. Nxc6 Bxc6 9. 0-0 Bb5 10. a4 Bxd3 11. Qxd3 Ne7 12. Be3 Qc7 13. Rc1 Nf5 14. Bf4 Be7 15. Nd2 Rd8 16. Nf3 h5 17. a5 0-0 18. h3 Nh4 19. Nd4 Ng6 20. Bh2 Bg5 21. Re1 Qd7 22. Qf3 h4 23. Qg4 Be7 24. b4 Rc8 25. Re3 Rc4 26. Rd1 Rfc8 27. f4 Rxc3 28. Rxc3 Rxc3 29. f5 exf5 30. Nxf5 Qe6 31. Nxe7+ Nxe7 32. Qxh4 Rc4 33. Qf2 d4 34. Bg3 Rxb4 35. Rxd4 Rxd4 36. Qxd4 Nc6 37. Qc5 Qa2 38. Be1 Qa1 39. Qc3 Qxc3 40. Bxc3 Kf8 41. Kf2 Ke7 42. Ke3 Ke6 43. Ke4 Ne7 44. h4 b5 45. axb6 axb6 46. g4 b5 47. h5 f5+ 48. exf6 gxf6 49. Bb4 Nc6 50. Bd2 b4 51. h6 Kf7 52. g5 fxg5 53. Bxg5 Kg6 54. Bc1 Ne7 55. Kd3 Nf5 56. Kc4 Nxh6 57. Kxb4 1/2-1/2

[Event "EU-Cup (Women) 15th"]
[Site "Plovdiv"]
[Date "2010.10.19"]
[Round "3.2"]
[White "Vasiliev, Olga"]
[Black "Johnsen, Sylvia"]
[Result "1-0"]
[WhiteElo "2293"]
[BlackElo "2030"]
[PlyCount "59"]
[EventDate "2010.10.17"]
[EventType "team-swiss"]
[EventRounds "7"]
[EventCountry "BUL"]
[SourceTitle "CBM 138 Extra"]
[Source "ChessBase"]
[SourceDate "2010.10.29"]
[SourceVersion "1"]
[SourceVersionDate "2010.10.29"]
[SourceQuality "1"]
[WhiteTeam "Ashdod Elite (W)"]
[BlackTeam "Oslo Schakselskap (W)"]
[WhiteTeamCountry "ISR"]
[BlackTeamCountry "NOR"]

1. e4 c5 2. Nf3 e6 3. d4 cxd4 4. Nxd4 Nc6 5. Nc3 Qc7 6. g3 a6 7. Bg2 Nf6 8. 0-0 b5 9. e5 Ng8 10. Nxc6 dxc6 11. Ne4 Bd7 12. Bf4 h5 13. h4 Be7 14. Qf3 0-0-0 15. a4 b4 16. Rfd1 Be8 17. Bf1 Kb7 18. Qe2 Ra8 19. Qc4 a5 20. c3 Nh6 21. Nd6+ Bxd6 22. exd6 Qd8 23. cxb4 Bd7 24. b5 Ng4 25. Bg2 Qb6 26. Rd2 Rhc8 27. Rc1 e5 28. Qxf7 exf4 29. Qxd7+ Kb8 30. Rxc6 1-0

[Event "Olympiad Women-39"]
[Site "Khanty-Mansiysk"]
[Date "2010.09.27"]
[Round "6.12"]
[White "Kaps, Darja"]
[Black "Vasiliev, Olga"]
[Result "1-0"]
[WhiteElo "2300"]
[BlackElo "2293"]
[PlyCount "71"]
[EventDate "2010.09.21"]
[EventType "team-swiss"]
[EventRounds "11"]
[EventCountry "RUS"]
[SourceTitle "CBM 139"]
[Source "ChessBase"]
[SourceDate "2010.11.18"]
[SourceVersion "1"]
[SourceVersionDate "2010.11.18"]
[SourceQuality "1"]
[WhiteTeam "Slovenia (W)"]
[BlackTeam "Israel (W)"]
[WhiteTeamCountry "SLO"]
[BlackTeamCountry "ISR"]

1. e4 c5 2. Nf3 Nc6 3. Nc3 d6 4. Bc4 e5 5. d3 Be7 6. Nd2 Nf6 7. Nf1 Bg4 8. f3 Be6 9. Ne3 h5 10. Ned5 Qd7 11. 0-0 0-0-0 12. Bb5 Rdg8 13. a4 Bd8 14. a5 g5 15. Be3 Ne8 16. b4 f5 17. exf5 Bf7 18. Qb1 h4 19. f6 g4 20. f4 g3 21. h3 Nxf6 22. Nxf6 Bxf6 23. Ne4 Bg7 24. bxc5 Bf8 25. fxe5 dxe5 26. a6 Bd5 27. Nf6 Qd8 28. c4 Bxg2 29. Kxg2 Qc7 30. Nd5 Qd7 31. axb7+ Kb8 32. Qa2 a6 33. Qxa6 Qxb7 34. Qxc6 Rh7 35. Qe8+ Qc8 36. Ra8+ 1-0